000
00201 a2200097 4500
001
52215
100
_a
Daley, R
245
_a
Prince of the City
260
_a
London
_b
Granda
_c
090
_c
32878
_d
32878
942
_a
NUST-CAE
_c
M
_c
25422
999
_c
287288
_d
287288